<?xml version="1.0" encoding="UTF-8"?>
<record
    xmlns:xsi="http://www.w3.org/2001/XMLSchema-instance"
    xsi:schemaLocation="http://www.loc.gov/MARC21/slim http://www.loc.gov/standards/marcxml/schema/MARC21slim.xsd"
    xmlns="http://www.loc.gov/MARC21/slim">

  <leader>00383    a2200157   4500</leader>
  <datafield tag="020" ind1=" " ind2=" ">
    <subfield code="a">9780141185132</subfield>
  </datafield>
  <datafield tag="082" ind1=" " ind2=" ">
    <subfield code="a">	843.914</subfield>
  </datafield>
  <datafield tag="090" ind1=" " ind2=" ">
    <subfield code="c">7089</subfield>
    <subfield code="d">7089</subfield>
  </datafield>
  <datafield tag="100" ind1=" " ind2=" ">
    <subfield code="a">    Camus, Albert</subfield>
  </datafield>
  <datafield tag="245" ind1=" " ind2=" ">
    <subfield code="a">    The plague</subfield>
    <subfield code="c">Albert Camus</subfield>
  </datafield>
  <datafield tag="260" ind1=" " ind2=" ">
    <subfield code="a">New York</subfield>
    <subfield code="b">Penguin Group</subfield>
    <subfield code="c">2001</subfield>
  </datafield>
  <datafield tag="300" ind1=" " ind2=" ">
    <subfield code="a">238 p.</subfield>
  </datafield>
  <datafield tag="650" ind1=" " ind2=" ">
    <subfield code="a">Plague--French fiction</subfield>
  </datafield>
  <datafield tag="700" ind1=" " ind2=" ">
    <subfield code="a">Albert Camus</subfield>
  </datafield>
  <datafield tag="942" ind1=" " ind2=" ">
    <subfield code="c">BK</subfield>
    <subfield code="k">843.914 CAM</subfield>
  </datafield>
  <datafield tag="999" ind1=" " ind2=" ">
    <subfield code="c">10894</subfield>
    <subfield code="d">10894</subfield>
  </datafield>
  <datafield tag="952" ind1=" " ind2=" ">
    <subfield code="0">0</subfield>
    <subfield code="1">0</subfield>
    <subfield code="4">0</subfield>
    <subfield code="7">0</subfield>
    <subfield code="8">NFIC</subfield>
    <subfield code="a">CL</subfield>
    <subfield code="b">CL</subfield>
    <subfield code="c">GEN</subfield>
    <subfield code="d">2012-04-20</subfield>
    <subfield code="e">Global~Link Information Services</subfield>
    <subfield code="g">741.63</subfield>
    <subfield code="l">8</subfield>
    <subfield code="m">3</subfield>
    <subfield code="o">843.914 CAM</subfield>
    <subfield code="p">SEECS011259</subfield>
    <subfield code="r">2025-12-09</subfield>
    <subfield code="s">2025-09-15</subfield>
    <subfield code="w">2017-01-05</subfield>
    <subfield code="y">BK</subfield>
  </datafield>
</record>
